[Event "V4Liptov2018"]
[Site "?"]
[Date "2018.06.24"]
[Round "4.1"]
[White "Demko, Robert"]
[Black "Szczurek, Krzysztof"]
[Result "0-1"]
[BlackElo "2075"]
[WhiteElo "1806"]
[LiveChessVersion "1.4.8"]

1. d4 {[%clk 1:00:54]} Nf6 {[%clk 1:00:54]} 2. c4 {[%clk 1:01:18]} g6
{[%clk 1:01:20]} 3. Nc3 {[%clk 1:01:43]} Bg7 {[%clk 1:01:45]} 4. e4
{[%clk 1:02:06]} d6 {[%clk 1:02:09]} 5. Be2 {[%clk 1:02:24]} O-O {[%clk 1:02:29]}
6. Bg5 {[%clk 1:02:23]} h6 {[%clk 1:02:29]} 7. Be3 {[%clk 1:02:42]} Nbd7
{[%clk 1:02:31]} 8. Qd2 {[%clk 1:02:50]} Kh7 {[%clk 1:02:38]} 9. O-O-O
{[%clk 1:02:37]} e5 {[%clk 1:02:39]} 10. d5 {[%clk 1:02:08]} Nc5 {[%clk 1:02:49]}
11. Bxc5 {[%clk 1:01:09]} dxc5 {[%clk 1:03:12]} 12. h3 {[%clk 1:01:01]} Ne8
{[%clk 1:02:12]} 13. g4 {[%clk 0:58:26]} Nd6 {[%clk 1:01:44]} 14. Bd3
{[%clk 0:56:06]} a6 {[%clk 1:00:34]} 15. Qe3 {[%clk 0:52:15]} b6 {[%clk 0:59:30]}
16. Kb1 {[%clk 0:49:58]} Bd7 {[%clk 0:53:01]} 17. Nge2 {[%clk 0:46:41]} Rb8
{[%clk 0:51:16]} 18. Rdf1 {[%clk 0:45:06]} Qe7 {[%clk 0:45:02]} 19. Ng3
{[%clk 0:28:40]} Bf6 {[%clk 0:43:54]} 20. f3 {[%clk 0:26:26]} Bg5
{[%clk 0:40:48]} 21. Qf2 {[%clk 0:26:29]} b5 {[%clk 0:39:36]} 22. Qxc5
{[%clk 0:22:50]} bxc4 {[%clk 0:39:26]} 23. Bxc4 {[%clk 0:21:15]} Be3
{[%clk 0:36:09]} 24. Qa3 {[%clk 0:20:20]} Rxb2+ {[%clk 0:19:15]} 25. Qxb2
{[%clk 0:20:34]} Nxc4 {[%clk 0:19:39]} 26. Qe2 {[%clk 0:19:32]} Qb4+
{[%clk 0:19:41]} 27. Kc2 {[%clk 0:18:53]} Na3+ {[%clk 0:20:04]} 0-1

[Event "V4Liptov2018"]
[Site "?"]
[Date "2018.06.24"]
[Round "4.2"]
[White "Dylag, Emilia"]
[Black "Ochmyt, Jakub"]
[Result "1-0"]
[BlackElo "1787"]
[WhiteElo "1935"]
[LiveChessVersion "1.4.8"]

1. d4 {[%clk 1:00:58]} Nf6 {[%clk 1:00:49]} 2. Nf3 {[%clk 1:01:22]} g6
{[%clk 1:00:57]} 3. c4 {[%clk 1:01:45]} Bg7 {[%clk 1:00:56]} 4. Nc3
{[%clk 1:02:09]} d6 {[%clk 1:00:56]} 5. e4 {[%clk 1:02:31]} O-O {[%clk 1:00:58]}
6. h3 {[%clk 1:02:53]} e5 {[%clk 1:01:10]} 7. d5 {[%clk 1:03:05]} a5
{[%clk 1:01:11]} 8. Bg5 {[%clk 1:03:18]} Na6 {[%clk 1:01:18]} 9. g4
{[%clk 1:02:40]} h6 {[%clk 1:00:44]} 10. Be3 {[%clk 1:03:00]} Nd7
{[%clk 1:00:30]} 11. Rg1 {[%clk 1:01:15]} Ndc5 {[%clk 0:59:39]} 12. Be2
{[%clk 0:58:51]} Qe8 {[%clk 0:50:45]} 13. Qd2 {[%clk 0:55:44]} Kh7
{[%clk 0:46:02]} 14. h4 {[%clk 0:54:13]} f5 {[%clk 0:45:03]} 15. gxf5
{[%clk 0:52:01]} gxf5 {[%clk 0:44:51]} 16. Rxg7+ {[%clk 0:51:58]} Kxg7
{[%clk 0:44:54]} 17. Bxh6+ {[%clk 0:52:22]} Kh8 {[%clk 0:44:26]} 18. Bxf8
{[%clk 0:52:05]} Qxf8 {[%clk 0:44:45]} 19. Ng5 {[%clk 0:40:31]} f4
{[%clk 0:42:33]} 20. O-O-O {[%clk 0:32:04]} Bd7 {[%clk 0:41:14]} 21. Bh5
{[%clk 0:31:17]} Re8 {[%clk 0:27:01]} 22. Bxe8 {[%clk 0:21:55]} Bxe8
{[%clk 0:27:24]} 23. Qe2 {[%clk 0:19:23]} Nb8 {[%clk 0:24:12]} 24. Nb5
{[%clk 0:15:43]} Nba6 {[%clk 0:18:40]} 25. Qg4 {[%clk 0:14:55]} Qg7
{[%clk 0:17:05]} 26. Qc8 {[%clk 0:08:41]} Qe7 {[%clk 0:16:08]} 27. Qf5
{[%clk 0:07:23]} Nb4 {[%clk 0:11:15]} 28. Kb1 {[%clk 0:06:22]} Nbd3
{[%clk 0:08:58]} 29. Nxc7 {[%clk 0:04:05]} 1-0

[Event "V4Liptov2018"]
[Site "?"]
[Date "2018.06.24"]
[Round "4.3"]
[White "Fizer, Marek"]
[Black "Wasik, Mateusz"]
[Result "1-0"]
[BlackElo "1652"]
[WhiteElo "1624"]
[LiveChessVersion "1.4.8"]

1. e4 {[%clk 1:00:58]} c5 {[%clk 1:00:56]} 2. Nf3 {[%clk 1:01:24]} d6
{[%clk 1:01:21]} 3. d4 {[%clk 1:01:44]} cxd4 {[%clk 1:01:49]} 4. Nxd4
{[%clk 1:02:07]} Nf6 {[%clk 1:02:05]} 5. Nc3 {[%clk 1:01:47]} a6 {[%clk 1:02:27]}
6. Bc4 {[%clk 1:01:41]} e6 {[%clk 1:02:31]} 7. Bg5 {[%clk 1:02:05]} h6
{[%clk 1:02:45]} 8. Bh4 {[%clk 1:01:16]} Be7 {[%clk 1:03:07]} 9. Qd2
{[%clk 1:01:00]} b5 {[%clk 1:02:46]} 10. Bxf6 {[%clk 0:57:35]} Bxf6
{[%clk 1:02:33]} 11. Bb3 {[%clk 0:57:52]} Qc7 {[%clk 0:53:23]} 12. O-O
{[%clk 0:54:06]} O-O {[%clk 0:52:56]} 13. a4 {[%clk 0:53:22]} b4 {[%clk 0:52:12]}
14. Nce2 {[%clk 0:53:33]} Nc6 {[%clk 0:46:42]} 15. Nxc6 {[%clk 0:52:34]} Qxc6
{[%clk 0:46:12]} 16. Rad1 {[%clk 0:46:19]} Qxe4 {[%clk 0:38:56]} 17. Ng3
{[%clk 0:45:17]} Qc6 {[%clk 0:38:54]} 18. Qxb4 {[%clk 0:45:24]} Bb7
{[%clk 0:39:01]} 19. f3 {[%clk 0:44:20]} d5 {[%clk 0:38:43]} 20. Rb1
{[%clk 0:35:54]} Rfc8 {[%clk 0:37:40]} 21. Qg4 {[%clk 0:33:09]} a5
{[%clk 0:30:45]} 22. Nh5 {[%clk 0:30:49]} Qc5+ {[%clk 0:30:29]} 23. Kh1
{[%clk 0:30:35]} Qe7 {[%clk 0:30:33]} 24. f4 {[%clk 0:27:54]} Ba6
{[%clk 0:28:54]} 25. Rf2 {[%clk 0:26:40]} Rab8 {[%clk 0:28:14]} 26. f5
{[%clk 0:23:48]} Rb4 {[%clk 0:23:34]} 27. Qg3 {[%clk 0:22:41]} Rf8
{[%clk 0:19:48]} 28. Re1 {[%clk 0:18:57]} Re4 {[%clk 0:15:29]} 29. Rxe4
{[%clk 0:17:50]} dxe4 {[%clk 0:15:57]} 30. fxe6 {[%clk 0:17:47]} fxe6
{[%clk 0:16:04]} 31. Qh3 {[%clk 0:13:43]} Bc8 {[%clk 0:14:48]} 32. Nf4
{[%clk 0:11:48]} Bxb2 {[%clk 0:14:01]} 33. Ng6 {[%clk 0:11:20]} Qg5
{[%clk 0:07:31]} 34. Rxf8+ {[%clk 0:11:01]} Kh7 {[%clk 0:07:57]} 35. Nf4
{[%clk 0:09:47]} Bf6 {[%clk 0:07:24]} 36. Qg3 {[%clk 0:09:42]} Qf5
{[%clk 0:07:21]} 37. Rxc8 {[%clk 0:09:13]} Bg5 {[%clk 0:06:32]} 38. Bxe6
{[%clk 0:09:01]} Qxf4 {[%clk 0:06:39]} 39. Qxf4 {[%clk 0:09:24]} Bxf4
{[%clk 0:07:05]} 40. Bf5+ {[%clk 0:09:44]} 1-0

[Event "V4Liptov2018"]
[Site "?"]
[Date "2018.06.24"]
[Round "4.4"]
[White "Jozefczyk, Szymon"]
[Black "Fizerova, Lucie"]
[Result "1-0"]
[BlackElo "1598"]
[WhiteElo "1643"]
[LiveChessVersion "1.4.8"]

1. e4 {[%clk 1:00:57]} c5 {[%clk 1:00:54]} 2. Nf3 {[%clk 1:01:15]} d6
{[%clk 1:01:14]} 3. d4 {[%clk 1:01:13]} cxd4 {[%clk 1:01:34]} 4. Nxd4
{[%clk 1:01:35]} Nf6 {[%clk 1:02:00]} 5. Nc3 {[%clk 1:01:56]} a6 {[%clk 1:02:22]}
6. f3 {[%clk 1:02:00]} e6 {[%clk 1:02:40]} 7. Be3 {[%clk 1:01:12]} Be7
{[%clk 1:02:56]} 8. Qd2 {[%clk 1:00:36]} b5 {[%clk 1:02:43]} 9. O-O-O
{[%clk 0:59:28]} Bb7 {[%clk 1:02:48]} 10. g4 {[%clk 0:55:25]} Nbd7
{[%clk 1:02:31]} 11. g5 {[%clk 0:53:44]} Nh5 {[%clk 1:02:21]} 12. Bh3
{[%clk 0:48:33]} Nc5 {[%clk 1:01:07]} 13. Bg4 {[%clk 0:42:31]} g6
{[%clk 1:01:19]} 14. Bxh5 {[%clk 0:39:37]} gxh5 {[%clk 1:01:41]} 15. h4
{[%clk 0:38:57]} Rc8 {[%clk 1:01:27]} 16. Kb1 {[%clk 0:37:43]} b4
{[%clk 1:01:14]} 17. Nce2 {[%clk 0:37:54]} a5 {[%clk 1:00:01]} 18. Ng3
{[%clk 0:37:28]} Rb8 {[%clk 0:57:43]} 19. Nxh5 {[%clk 0:28:53]} Ba8
{[%clk 0:57:02]} 20. Ne2 {[%clk 0:27:09]} Qc7 {[%clk 0:55:57]} 21. Nef4
{[%clk 0:26:46]} a4 {[%clk 0:55:13]} 22. Ng7+ {[%clk 0:25:58]} Kd7
{[%clk 0:55:17]} 23. Bxc5 {[%clk 0:25:36]} Qxc5 {[%clk 0:55:35]} 24. Nd3
{[%clk 0:25:40]} Qb5 {[%clk 0:55:08]} 25. Qf4 {[%clk 0:25:01]} Rhf8
{[%clk 0:54:39]} 26. Ne5+ {[%clk 0:24:17]} Kc8 {[%clk 0:53:34]} 27. Nxf7
{[%clk 0:22:54]} Rxf7 {[%clk 0:47:57]} 28. Qxf7 {[%clk 0:22:44]} b3
{[%clk 0:47:01]} 29. Qe8+ {[%clk 0:22:32]} Qxe8 {[%clk 0:46:29]} 30. Nxe8
{[%clk 0:22:58]} d5 {[%clk 0:45:11]} 31. e5 Kd7 32. Nf6+ {[%clk 0:23:00]} Bxf6
{[%clk 0:45:16]} 33. gxf6 {[%clk 0:23:27]} bxc2+ {[%clk 0:43:59]} 34. Kxc2
{[%clk 0:23:53]} Rf8 {[%clk 0:43:27]} 35. Rhg1 {[%clk 0:24:06]} Ke8
{[%clk 0:43:39]} 36. Rg7 {[%clk 0:24:21]} h5 {[%clk 0:42:52]} 37. Kd2
{[%clk 0:24:20]} Bc6 {[%clk 0:41:47]} 38. Rc1 {[%clk 0:24:44]} Bb5 39. Rc8#
{[%clk 0:24:59]} 1-0

[Event "V4Liptov2018"]
[Site "?"]
[Date "2018.06.24"]
[Round "4.5"]
[White "Sandor, Martin"]
[Black "Bango, Lukas"]
[Result "1-0"]
[BlackElo "2130"]
[WhiteElo "1984"]
[LiveChessVersion "1.4.8"]

1. e4 {[%clk 1:00:59]} d6 {[%clk 1:01:20]} 2. d4 {[%clk 1:01:49]} Nf6
{[%clk 1:01:47]} 3. Nc3 {[%clk 1:02:14]} g6 {[%clk 1:02:08]} 4. Nf3
{[%clk 1:02:38]} Bg7 {[%clk 1:02:34]} 5. Be2 {[%clk 1:02:48]} O-O
{[%clk 1:02:35]} 6. O-O {[%clk 1:03:13]} a6 {[%clk 1:01:57]} 7. a4
{[%clk 1:02:17]} b6 {[%clk 1:01:53]} 8. Re1 {[%clk 0:54:04]} Bb7 {[%clk 1:02:16]}
9. Bf1 {[%clk 0:54:22]} Nbd7 {[%clk 1:02:13]} 10. Bf4 {[%clk 0:54:10]} Nh5
{[%clk 1:01:12]} 11. Bg5 {[%clk 0:54:16]} h6 {[%clk 1:01:28]} 12. Be3
{[%clk 0:54:39]} e5 {[%clk 1:01:34]} 13. dxe5 {[%clk 0:50:58]} dxe5
{[%clk 1:01:03]} 14. Qd2 {[%clk 0:50:35]} Kh7 {[%clk 1:01:27]} 15. Rad1
{[%clk 0:49:07]} Nhf6 {[%clk 1:01:37]} 16. Bc4 {[%clk 0:43:51]} Qe7
{[%clk 0:56:21]} 17. Nd5 {[%clk 0:40:35]} Nxd5 {[%clk 0:56:17]} 18. Bxd5
{[%clk 0:40:30]} c6 {[%clk 0:56:10]} 19. Bb3 {[%clk 0:39:17]} Nc5
{[%clk 0:52:00]} 20. Bxc5 {[%clk 0:39:09]} Qxc5 {[%clk 0:52:28]} 21. Qd7
{[%clk 0:38:26]} Bc8 {[%clk 0:51:31]} 22. Qd6 {[%clk 0:35:40]} Bg4
{[%clk 0:50:41]} 23. Qxc5 {[%clk 0:35:31]} bxc5 {[%clk 0:51:10]} 24. Rd6
{[%clk 0:35:45]} Rac8 {[%clk 0:51:13]} 25. h3 {[%clk 0:33:32]} Bxf3
{[%clk 0:49:38]} 26. gxf3 {[%clk 0:33:55]} Rfd8 {[%clk 0:49:50]} 27. Red1
{[%clk 0:34:13]} Rxd6 {[%clk 0:50:14]} 28. Rxd6 {[%clk 0:34:37]} Rc7
{[%clk 0:50:42]} 29. Bc4 {[%clk 0:33:15]} a5 {[%clk 0:47:14]} 30. Rd8
{[%clk 0:28:34]} Ra7 {[%clk 0:46:39]} 31. Rc8 {[%clk 0:28:34]} Rd7
{[%clk 0:47:06]} 32. Bd3 {[%clk 0:28:39]} c4 {[%clk 0:41:30]} 33. Bxc4
{[%clk 0:28:45]} Rd2 {[%clk 0:41:57]} 34. Bxf7 {[%clk 0:27:44]} Bf6
{[%clk 0:40:37]} 35. Rxc6 {[%clk 0:26:04]} Bh4 {[%clk 0:41:06]} 36. Bxg6+
{[%clk 0:25:45]} Kg7 {[%clk 0:41:34]} 37. Bh5 {[%clk 0:25:16]} Bxf2+
{[%clk 0:41:57]} 38. Kf1 {[%clk 0:25:12]} Be3 {[%clk 0:40:45]} 39. b3
{[%clk 0:18:06]} Kf8 {[%clk 0:33:01]} 40. Rc7 {[%clk 0:16:39]} Bb6
{[%clk 0:30:53]} 41. Rf7+ {[%clk 0:16:33]} Kg8 {[%clk 0:31:16]} 42. Rb7
{[%clk 0:16:53]} Bc5 {[%clk 0:29:21]} 43. Rb5 {[%clk 0:15:50]} Rf2+
{[%clk 0:26:31]} 44. Ke1 {[%clk 0:16:13]} Rxc2 {[%clk 0:26:55]} 45. Kd1
{[%clk 0:15:59]} Rc3 {[%clk 0:27:19]} 46. Rxa5 {[%clk 0:15:43]} Kf8
{[%clk 0:23:07]} 47. Rb5 {[%clk 0:15:32]} Bd4 {[%clk 0:22:47]} 48. Rb7
{[%clk 0:15:07]} Rd3+ {[%clk 0:22:41]} 49. Kc2 {[%clk 0:15:19]} Rc3+
{[%clk 0:23:03]} 50. Kd2 {[%clk 0:15:40]} Kg8 {[%clk 0:19:29]} 51. a5
{[%clk 0:13:29]} Rc5 {[%clk 0:18:00]} 52. a6 {[%clk 0:13:41]} Ra5
{[%clk 0:18:22]} 53. Bf7+ {[%clk 0:13:43]} Kf8 {[%clk 0:17:47]} 54. Bc4
{[%clk 0:14:03]} Ra2+ {[%clk 0:18:06]} 55. Kd3 {[%clk 0:13:01]} h5
{[%clk 0:17:39]} 56. Bb5 {[%clk 0:13:00]} Rf2 {[%clk 0:16:52]} 57. a7
{[%clk 0:12:34]} Rxf3+ {[%clk 0:17:00]} 58. Ke2 {[%clk 0:12:16]} Re3+
{[%clk 0:17:23]} 59. Kd2 {[%clk 0:12:39]} Bxa7 {[%clk 0:17:48]} 60. Rxa7
{[%clk 0:12:56]} Rxb3 {[%clk 0:18:09]} 61. Rf7+ {[%clk 0:11:39]} Kg8
{[%clk 0:17:45]} 62. Bc4 {[%clk 0:12:04]} Rb4 {[%clk 0:17:51]} 63. Rc7+
{[%clk 0:12:14]} Kh8 {[%clk 0:17:49]} 64. Kc3 {[%clk 0:12:28]} Rb1
{[%clk 0:17:02]} 65. Rc5 {[%clk 0:12:21]} Rg1 {[%clk 0:17:01]} 66. Be6
{[%clk 0:11:38]} Kg7 {[%clk 0:16:39]} 67. Bf5 {[%clk 0:11:47]} Rc1+
{[%clk 0:16:05]} 68. Kb4 {[%clk 0:12:13]} Rb1+ {[%clk 0:16:29]} 69. Kc4
{[%clk 0:12:38]} Kf6 {[%clk 0:16:43]} 70. Rc6+ {[%clk 0:13:00]} Kg5
{[%clk 0:16:57]} 71. Kd5 {[%clk 0:12:31]} Rb5+ {[%clk 0:16:48]} 72. Rc5
{[%clk 0:12:49]} Rb8 {[%clk 0:14:16]} 73. Kxe5 {[%clk 0:13:00]} Re8+
{[%clk 0:14:41]} 74. Be6 {[%clk 0:13:09]} Rd8 {[%clk 0:15:03]} 1-0

[Event "V4Liptov2018"]
[Site "?"]
[Date "2018.06.24"]
[Round "4.6"]
[White "Slaba, Andrea"]
[Black "Bochnicka, Vladimir"]
[Result "1/2-1/2"]
[BlackElo "2016"]
[WhiteElo "1936"]
[LiveChessVersion "1.4.8"]

1. Nf3 {[%clk 1:00:57]} d5 {[%clk 1:00:55]} 2. g3 {[%clk 1:01:17]} Nf6
{[%clk 1:00:55]} 3. Bg2 {[%clk 1:01:40]} e6 {[%clk 1:01:19]} 4. O-O
{[%clk 1:01:55]} Be7 {[%clk 1:01:14]} 5. d4 {[%clk 1:01:26]} O-O {[%clk 1:01:29]}
6. Nbd2 {[%clk 1:01:50]} c5 {[%clk 1:01:00]} 7. b3 {[%clk 1:01:47]} Nc6
{[%clk 1:01:03]} 8. dxc5 {[%clk 1:01:53]} Bxc5 {[%clk 1:01:16]} 9. Bb2
{[%clk 1:02:18]} Qe7 {[%clk 1:00:30]} 10. e3 {[%clk 1:00:38]} Rd8
{[%clk 0:58:22]} 11. Nd4 {[%clk 0:59:21]} e5 {[%clk 0:56:01]} 12. Nxc6
{[%clk 0:59:37]} bxc6 {[%clk 0:56:31]} 13. Qe2 {[%clk 0:58:57]} Rb8
{[%clk 0:53:05]} 14. h3 {[%clk 0:56:22]} h6 {[%clk 0:43:21]} 15. Nf3
{[%clk 0:54:50]} Bd6 {[%clk 0:43:07]} 16. Rfd1 {[%clk 0:53:59]} Bf5
{[%clk 0:42:04]} 17. c4 {[%clk 0:51:43]} Rbc8 {[%clk 0:37:29]} 18. cxd5
{[%clk 0:50:46]} cxd5 {[%clk 0:37:43]} 19. Rac1 {[%clk 0:51:11]} Be4
{[%clk 0:27:55]} 20. Nh4 {[%clk 0:49:12]} Qe6 {[%clk 0:25:55]} 21. Nf3
{[%clk 0:42:53]} Bh7 {[%clk 0:25:23]} 22. Qa6 {[%clk 0:40:07]} Bc2
{[%clk 0:20:19]} 23. Rd2 {[%clk 0:38:05]} Bf5 {[%clk 0:20:21]} 24. Rxc8
{[%clk 0:34:40]} Rxc8 {[%clk 0:20:31]} 25. Nh4 {[%clk 0:31:54]} Be4
{[%clk 0:15:44]} 26. Qa5 {[%clk 0:22:57]} Bxg2 {[%clk 0:15:24]} 27. Kxg2
{[%clk 0:23:07]} Ne4 {[%clk 0:12:58]} 28. Re2 {[%clk 0:22:40]} Ng5
{[%clk 0:11:59]} 29. g4 {[%clk 0:21:11]} h5 {[%clk 0:08:04]} 30. f3
{[%clk 0:13:19]} hxg4 {[%clk 0:07:01]} 31. fxg4 {[%clk 0:13:22]} Qh6
{[%clk 0:04:19]} 32. Qe1 {[%clk 0:13:43]} e4 {[%clk 0:03:13]} 33. Qf2
{[%clk 0:12:54]} Re8 {[%clk 0:00:31]} 34. Rd2 {[%clk 0:11:15]} Nf3
{[%clk 0:00:31]} 35. Nf5 {[%clk 0:10:44]} Qg6 {[%clk 0:00:33]} 36. Rxd5
{[%clk 0:09:09]} Bf8 {[%clk 0:00:33]} 37. Nh4 {[%clk 0:08:04]} Qc6
{[%clk 0:00:34]} 38. Rh5 {[%clk 0:07:46]} Rd8 {[%clk 0:00:37]} 39. Nxf3
{[%clk 0:05:04]} exf3+ {[%clk 0:01:06]} 40. Kg3 {[%clk 0:04:29]} Bd6+
{[%clk 0:01:01]} 41. Kh4 {[%clk 0:04:45]} Qe8 1/2-1/2

[Event "V4Liptov2018"]
[Site "?"]
[Date "2018.06.24"]
[Round "4.7"]
[White "Vozarova, Adriana"]
[Black "Bango, Dominik"]
[Result "0-1"]
[BlackElo "1861"]
[WhiteElo "1773"]
[LiveChessVersion "1.4.8"]

1. e4 {[%clk 1:00:58]} e5 {[%clk 1:00:56]} 2. f4 {[%clk 1:01:03]} Bc5
{[%clk 1:01:21]} 3. Nf3 {[%clk 1:01:11]} d6 {[%clk 1:01:19]} 4. Bc4
{[%clk 1:00:31]} Nf6 {[%clk 0:58:14]} 5. Nc3 {[%clk 0:58:05]} O-O
{[%clk 0:58:03]} 6. d3 {[%clk 0:47:49]} Ng4 {[%clk 0:55:03]} 7. d4
{[%clk 0:42:32]} exd4 {[%clk 0:52:56]} 8. Na4 {[%clk 0:38:21]} Bb4+
{[%clk 0:50:12]} 9. c3 {[%clk 0:38:27]} dxc3 {[%clk 0:50:36]} 10. bxc3
{[%clk 0:38:50]} Ba5 {[%clk 0:47:55]} 11. O-O {[%clk 0:36:53]} a6
{[%clk 0:47:24]} 12. Ng5 {[%clk 0:32:29]} c6 {[%clk 0:40:31]} 13. Qb3
{[%clk 0:25:22]} b5 {[%clk 0:38:31]} 14. Bxf7+ {[%clk 0:19:56]} Kh8
{[%clk 0:38:10]} 15. e5 {[%clk 0:10:17]} bxa4 {[%clk 0:37:31]} 16. Qc2
{[%clk 0:10:38]} g6 {[%clk 0:33:09]} 17. f5 {[%clk 0:07:34]} Qb6+
{[%clk 0:32:14]} 18. Kh1 {[%clk 0:07:10]} Bxf5 {[%clk 0:32:21]} 19. Rxf5
{[%clk 0:06:47]} gxf5 {[%clk 0:32:31]} 20. Qxf5 {[%clk 0:05:16]} Nf2+
{[%clk 0:31:24]} 21. Kg1 {[%clk 0:05:25]} Nh3+ {[%clk 0:31:38]} 22. Kf1
{[%clk 0:05:25]} Qg1+ {[%clk 0:31:02]} 23. Ke2 {[%clk 0:05:40]} Qxg2+
{[%clk 0:30:37]} 24. Kd1 {[%clk 0:02:38]} Nf2+ {[%clk 0:28:52]} 25. Kc2
{[%clk 0:02:07]} Ne4+ {[%clk 0:28:30]} 26. Kd3 {[%clk 0:01:16]} Nf2+
{[%clk 0:24:08]} 27. Kc2 {[%clk 0:01:20]} Ne4+ {[%clk 0:23:27]} 28. Kd3
{[%clk 0:01:34]} Nc5+ {[%clk 0:17:19]} 29. Ke3 {[%clk 0:01:19]} Qg1+
{[%clk 0:17:19]} 30. Ke2 {[%clk 0:01:30]} Qxh2+ {[%clk 0:17:38]} 31. Kd1
{[%clk 0:00:55]} Nbd7 {[%clk 0:10:42]} 32. e6 {[%clk 0:00:47]} Rab8
{[%clk 0:08:39]} 33. exd7 {[%clk 0:00:42]} Qg1+ {[%clk 0:07:55]} 34. Ke2
{[%clk 0:00:44]} Qh2+ {[%clk 0:07:53]} 35. Kd1 {[%clk 0:00:58]} Bxc3
{[%clk 0:06:28]} 36. Bf4 {[%clk 0:00:56]} Qh1+ {[%clk 0:05:50]} 37. Ke2
{[%clk 0:01:03]} Bxa1 {[%clk 0:03:44]} 38. Bxd6 {[%clk 0:00:52]} Rb2+
{[%clk 0:03:32]} 39. Ke3 {[%clk 0:01:04]} Qe1+ {[%clk 0:03:58]} 40. Kf3
{[%clk 0:00:35]} Rf2+ {[%clk 0:03:52]} 41. Kg4 {[%clk 0:00:51]} Rxf5
{[%clk 0:03:33]} 42. Kxf5 {[%clk 0:01:14]} Qf2+ {[%clk 0:02:52]} 43. Kg4
{[%clk 0:01:02]} Rxf7 {[%clk 0:03:02]} 44. Nxf7+ {[%clk 0:01:22]} Qxf7
{[%clk 0:03:18]} 45. d8=Q+ {[%clk 0:01:37]} Qg8+ {[%clk 0:03:08]} 46. Qxg8+
{[%clk 0:01:59]} Kxg8 {[%clk 0:03:34]} 47. Bxc5 {[%clk 0:02:25]} Kf7
{[%clk 0:03:59]} 48. Kh5 {[%clk 0:01:25]} Bg7 {[%clk 0:04:01]} 49. Bb4
{[%clk 0:01:29]} Ke6 {[%clk 0:04:24]} 50. Kg4 {[%clk 0:01:30]} Kd5
{[%clk 0:04:48]} 51. Kf3 {[%clk 0:01:17]} Kc4 {[%clk 0:04:57]} 52. Bd6
{[%clk 0:00:48]} Bd4 {[%clk 0:05:13]} 53. Ke2 {[%clk 0:00:59]} Kc3
{[%clk 0:05:37]} 0-1

[Event "V4Liptov2018"]
[Site "?"]
[Date "2018.06.24"]
[Round "4.8"]
[White "Kramar, Matus"]
[Black "Valigursky, Michal"]
[Result "0-1"]
[BlackElo "1623"]
[WhiteElo "1680"]
[LiveChessVersion "1.4.8"]

1. e4 {[%clk 1:00:54]} c5 {[%clk 1:00:51]} 2. Nf3 {[%clk 1:00:43]} Nc6
{[%clk 1:01:07]} 3. d4 {[%clk 1:00:55]} cxd4 {[%clk 1:01:24]} 4. Nxd4
{[%clk 1:01:19]} g6 {[%clk 1:01:43]} 5. Be3 {[%clk 1:01:25]} Bg7 {[%clk 1:02:02]}
6. Nc3 {[%clk 1:01:23]} Nf6 {[%clk 1:02:19]} 7. f3 {[%clk 1:01:22]} O-O
{[%clk 0:59:31]} 8. Bc4 {[%clk 0:59:19]} Qa5 {[%clk 0:57:05]} 9. Qd2
{[%clk 0:56:34]} a6 {[%clk 0:50:50]} 10. Bb3 {[%clk 0:53:43]} d6 {[%clk 0:50:16]}
11. O-O-O {[%clk 0:52:31]} Bd7 {[%clk 0:49:51]} 12. h4 {[%clk 0:46:28]} b5
{[%clk 0:42:18]} 13. Nd5 {[%clk 0:33:16]} Nxd5 {[%clk 0:30:01]} 14. Qxa5
{[%clk 0:27:52]} Nxa5 {[%clk 0:30:15]} 15. Bxd5 {[%clk 0:26:57]} Rac8
{[%clk 0:28:43]} 16. a3 {[%clk 0:18:24]} Rc7 {[%clk 0:26:24]} 17. Rd2
{[%clk 0:17:14]} Nc4 {[%clk 0:21:37]} 18. Bxc4 {[%clk 0:16:44]} Rxc4
{[%clk 0:20:00]} 19. Rhd1 {[%clk 0:16:14]} Rfc8 {[%clk 0:19:07]} 20. c3
{[%clk 0:14:22]} b4 {[%clk 0:14:52]} 21. axb4 {[%clk 0:13:06]} Ba4
{[%clk 0:09:15]} 22. Nc2 {[%clk 0:10:47]} Bxc3 {[%clk 0:08:50]} 23. bxc3
{[%clk 0:05:51]} Rxc3 {[%clk 0:09:08]} 24. Bc5 {[%clk 0:02:16]} dxc5
{[%clk 0:08:04]} 25. Rd8+ {[%clk 0:01:49]} Rxd8 {[%clk 0:08:22]} 26. Rxd8+
{[%clk 0:02:11]} Kg7 {[%clk 0:08:42]} 27. Rd2 {[%clk 0:02:33]} cxb4
{[%clk 0:08:57]} 28. Kb2 {[%clk 0:02:50]} Rxc2+ {[%clk 0:08:50]} 29. Rxc2
{[%clk 0:03:14]} Bxc2 {[%clk 0:09:10]} 30. Kxc2 {[%clk 0:03:40]} Kf6
{[%clk 0:09:24]} 31. f4 {[%clk 0:03:37]} e5 {[%clk 0:08:21]} 32. g3
{[%clk 0:03:52]} exf4 {[%clk 0:08:11]} 33. gxf4 {[%clk 0:04:09]} h6
{[%clk 0:08:26]} 34. Kb3 {[%clk 0:04:22]} a5 {[%clk 0:08:45]} 0-1

[Event "V4Liptov2018"]
[Site "?"]
[Date "2018.06.24"]
[Round "4.9"]
[White "Kuchar, Matej"]
[Black "Galuszka, Tomasz"]
[Result "1-0"]
[BlackElo "1991"]
[WhiteElo "2174"]
[LiveChessVersion "1.4.8"]

1. e4 {[%clk 1:00:58]} c6 {[%clk 1:00:54]} 2. d4 {[%clk 1:01:22]} d5
{[%clk 1:01:20]} 3. e5 {[%clk 1:01:49]} Bf5 {[%clk 1:01:46]} 4. Nf3
{[%clk 1:02:14]} e6 {[%clk 1:02:13]} 5. Be2 {[%clk 1:02:40]} Nd7 {[%clk 1:02:39]}
6. O-O {[%clk 1:03:05]} Ne7 {[%clk 1:02:22]} 7. Nh4 {[%clk 1:03:31]} Bg6
{[%clk 1:02:42]} 8. Nd2 {[%clk 1:03:47]} c5 {[%clk 1:02:37]} 9. c3
{[%clk 1:04:12]} Nc6 {[%clk 1:02:59]} 10. Nxg6 {[%clk 1:04:37]} hxg6
{[%clk 1:03:24]} 11. Nf3 {[%clk 1:05:01]} Rc8 {[%clk 1:02:37]} 12. Be3
{[%clk 0:53:54]} Qb6 {[%clk 1:01:58]} 13. Rb1 {[%clk 0:53:38]} Be7
{[%clk 0:59:57]} 14. g3 {[%clk 0:37:40]} cxd4 {[%clk 0:57:20]} 15. cxd4
{[%clk 0:38:09]} Kd8 {[%clk 0:57:09]} 16. b4 {[%clk 0:34:30]} Kc7
{[%clk 0:55:55]} 17. b5 {[%clk 0:32:14]} Na5 {[%clk 0:56:04]} 18. Bg5
{[%clk 0:26:49]} Bxg5 {[%clk 0:53:08]} 19. Nxg5 {[%clk 0:27:17]} Rhf8
{[%clk 0:53:18]} 20. Rc1+ {[%clk 0:27:12]} Kb8 {[%clk 0:53:29]} 21. Rxc8+
{[%clk 0:24:09]} Kxc8 {[%clk 0:53:53]} 22. Qc2+ {[%clk 0:23:55]} Kb8
{[%clk 0:52:31]} 23. Rc1 {[%clk 0:24:02]} Qd8 {[%clk 0:52:44]} 24. Qd2
{[%clk 0:20:49]} Ka8 {[%clk 0:49:44]} 25. h4 {[%clk 0:20:47]} Qb6
{[%clk 0:46:32]} 26. Qb4 {[%clk 0:18:43]} Nc6 {[%clk 0:39:22]} 27. Qa3
{[%clk 0:05:45]} Ncb8 {[%clk 0:39:06]} 28. Nf3 {[%clk 0:05:20]} f6
{[%clk 0:38:09]} 29. exf6 {[%clk 0:02:49]} gxf6 {[%clk 0:38:19]} 30. Qd3
{[%clk 0:02:10]} Rg8 {[%clk 0:35:14]} 31. Qd2 {[%clk 0:02:31]} Qd6
{[%clk 0:34:04]} 32. Qh6 {[%clk 0:01:48]} e5 {[%clk 0:33:29]} 33. Qh7
{[%clk 0:01:43]} Qf8 {[%clk 0:33:23]} 34. dxe5 {[%clk 0:01:37]} Rg7
{[%clk 0:32:03]} 35. Qh6 {[%clk 0:02:00]} fxe5 {[%clk 0:32:04]} 36. Ng5
{[%clk 0:02:10]} Re7 {[%clk 0:29:36]} 37. Qxg6 {[%clk 0:01:47]} Qe8
{[%clk 0:29:31]} 38. Qxe8 {[%clk 0:01:43]} Rxe8 {[%clk 0:29:55]} 39. Bg4
{[%clk 0:01:50]} Nf8 {[%clk 0:30:07]} 40. Rc7 {[%clk 0:01:13]} 1-0